000 00934nam a2200241Ia 4500
003 OSt
005 20220923220332.0
006 a|||||r|||| 00| 0
007 ta
008 220922b |||||||| |||| 00| 0 hin d
024 _a186,019
037 _cTextual
040 _aARTS
_cARTS
_bhin
041 _2hin
_ahin
082 _aY35, 152K9
100 _aममफोर्ड, रेयूइस; शर्मा, पदमसिंह, अनु.
_9164109
245 0 _aशहरों की संस्कृति
246 _aShaharoan kī sanskṛuti
260 _aकुरूक्षेत्र
_b कुरूक्षेत्र विश्वविद्यालय
_c1969
650 _aभारतीय-लोक साहित्य
942 _hY35, 152K9
_cTEXL
_2CC
999 _c339264
_d339264